Computer networks: Protocols, standards and interfaces (Record no. 166371)

MARC details
000 -LEADER
fixed length control field 00448nam a2200157Ia 4500
008 - FIXED-LENGTH DATA ELEMENTS--GENERAL INFORMATION
fixed length control field 231217s9999 xx 000 0 und d
041 ## - LANGUAGE CODE
Language code of text/sound track or separate title English
082 ## - DEWEY DECIMAL CLASSIFICATION NUMBER
Classification number 001.64404 BLA;7
100 ## - MAIN ENTRY--PERSONAL NAME
Personal name Black, Uyless
245 #0 - TITLE STATEMENT
Title Computer networks: Protocols, standards and interfaces
250 ## - EDITION STATEMENT
Edition statement 2nd ed.
260 ## - PUBLICATION, DISTRIBUTION, ETC.
Date of publication, distribution, etc. 1993
Name of publisher, distributor, etc. New Delhi : PHI,
300 ## - PHYSICAL DESCRIPTION
Extent xii+436
650 ## - SUBJECT ADDED ENTRY--TOPICAL TERM
Topical term or geographic name entry element Networks,computer Protocols,computer Interfaces,computer
942 ## - ADDED ENTRY ELEMENTS (KOHA)
Koha item type Books
Holdings
Date last seen Total checkouts Full call number Accession number Cost, total (INR) price Price effective from Category Lost status Damaged status Department Withdrawn status Home library Current library Entry date Vendor Cost, normal purchase price Grants Billnumber Billdate Currency symbol Conversion rate Discount Old discount
26/01/2024   001.64404 BLA;7 13019 148.75 26/01/2024 Books     Central Library   Central Library Central Library 05/04/1999 Sai Books 175.00 CS 757 29/11/2001 RS 1 26.25 15
26/01/2024   001.64404 BLA;8 13020 148.75 26/01/2024 Books     Central Library   Central Library Central Library 05/04/1999 Sai Books 175.00 CS 757 29/11/2001 RS 1 26.25 15
26/01/2024   001.64404 BLA;9 13021 148.75 26/01/2024 Books     Central Library   Central Library Central Library 05/04/1999 Sai Books 175.00 CS 757 29/11/2001 RS 1 26.25 15

© For any Suggestions or Query, please contact the library staff @ librarian@pes.edu or Phone: +9180 2672 1983/ 2108.